Sehenswürdigkeiten Österreichs #1 - Statistiken

Allgemein
  • Dieses Quiz wurde 387 mal gespielt
  • Das Durchschnittsergebnis liegt bei 5 aus 15
Antwortstatistiken
Bildquiz Antwort % Korrekt
Stephansdom
98%
Schloss Schönbrunn
82%
Hofburg
62%
Belvedere
49%
Wiener Riesenrad
49%
Wiener Rathaus
44%
Hallstatt
39%
Kunsthistorisches Museum
26%
Traunsee
14%
Enns
13%
Linzer Dom
13%
Linzer Schloss
6%
Linzer Landhaus
3%
Stift Schlierbach
3%
Christkindl
2%
Keine übereinstimmenden Quizze gefunden
Verteilung der Resultate
Anzahl Personen mit jedem Resultat
Perzentil nach korrekt beantworteten Fragen
Ihre Resultats-Entwicklung
Sie haben dieses Quiz noch nicht gespielt